Durability of building materials and components : (Record no. 159114)

MARC details
000 -LEADER
fixed length control field 01274nam a2200277 4500
008 - FIXED-LENGTH DATA ELEMENTS--GENERAL INFORMATION
fixed length control field
049 ## - LOCAL HOLDINGS (OCLC)
Holding library MAIN
090 ## - LOCALLY ASSIGNED LC-TYPE CALL NUMBER (OCLC); LOCAL CALL NUMBER (RLIN)
Classification number (OCLC) (R) ; Classification number, CALL (RLIN) (NR) TA409.2
Local cutter number (OCLC) ; Book number/undivided call number, CALL (RLIN) AME
003 - CONTROL NUMBER IDENTIFIER
control field
005 - DATE AND TIME OF LATEST TRANSACTION
control field 20230123134039.0
040 ## - CATALOGING SOURCE
Transcribing agency NUST
245 00 - TITLE STATEMENT
Title Durability of building materials and components :
Remainder of title proceedings of the First International Conference : a symposium presented at Ottawa, Canada, 21-23 Aug. 1978 /
Statement of responsibility, etc. P.J. Sereda and G.G. Litvan, editors.
260 ## - PUBLICATION, DISTRIBUTION, ETC.
Place of publication, distribution, etc. Philadelphia :
Name of publisher, distributor, etc. American Society for Testing and Materials,
Date of publication, distribution, etc. c1980.
300 ## - PHYSICAL DESCRIPTION
Extent 1031 p. :
Other physical details ill. ;
Dimensions 24 cm.
440 ## - SERIES STATEMENT/ADDED ENTRY--TITLE
Title ASTM special technical publication ;
Volume/sequential designation 691.
500 ## - GENERAL NOTE
General note First International Conference on Building Materials and Components held in Ottawa, Ontario, Canada, Aug. 21-23, 1978, sponsored by Committee E-6 on Performance of Building Constructions and others.
500 ## - GENERAL NOTE
General note Includes index.
504 ## - BIBLIOGRAPHY, ETC. NOTE
Bibliography, etc. note Includes bibliographical references.
650 #0 - SUBJECT ADDED ENTRY--TOPICAL TERM
Topical term or geographic name entry element Building materials
General subdivision Congresses.
700 1# - ADDED ENTRY--PERSONAL NAME
Personal name Sereda, P. J.
700 1# - ADDED ENTRY--PERSONAL NAME
Personal name Litvan, G.G.
710 2# - ADDED ENTRY--CORPORATE NAME
Corporate name or jurisdiction name as entry element ASTM Committee E-6 on Performance of Building Constructions.
711 2# - ADDED ENTRY--MEETING NAME
Meeting name or jurisdiction name as entry element International Conference on Building Materials and Components.
907 ## - LOCAL DATA ELEMENT G, LDG (RLIN)
a .b10169337
b 22-03-12
c 27-07-05
942 ## - ADDED ENTRY ELEMENTS (KOHA)
Koha item type Ordinary Loan Books
Call number prefix TA409.2
Call number suffix AME
Holdings
Date last seen Total Checkouts Full call number Barcode Cost, replacement price Price effective from Koha item type Lost status Source of classification or shelving scheme Damaged status Not for loan Collection Withdrawn status Home library Current library Shelving location Date acquired Cost, normal purchase price
01/23/2023 2 TA409.2 DUR 92003015360 80.00 01/23/2023 BOOKS   LCC     NFIC   MAIN MAIN GEN 01/23/2023 80.00